000 01651nam a2200433Ii 4500
001 DIGMETPES0012
003 NyNyDIG
007 cr |||||||||||
008 210913s2017 cl a ob 000 0 spa d
006 m o d
035 _a(OCoLC)1088524460
040 _aDGITA
_beng
_erda
_epn
_cDGITA
020 _a9789569843402
_qeBook
020 _z9789569843396
043 _as------
050 1 4 _aN8354 ebook
082 1 4 _a704.042
245 0 0 _aCompartir el mundo :
_bla experiencia de las mujeres y el arte /
_cMaría Laura Rosa y Soledad Novoa Donoso (editoras).
264 1 _aSantiago de Chile :
_bEdiciones Metales Pesados,
_c[2017]
300 _a1 online resource :
_billustrations.
336 _atext
_btxt
_2rdacontent
337 _acomputer
_bc
_2rdamedia
338 _aonline resource
_bcr
_2rdacarrier
347 _atext file
_2rdaft
347 _bPDF
504 _aIncludes bibliographical references.
588 0 _aOnline resource; title from PDF title page (Digitalia, viewed September 13, 2021)
650 0 _aWomen artists
_zSouth America
_xHistory and criticism.
650 0 _aArt, South American
_y20th century
_xHistory.
655 0 _aElectronic books.
700 1 _aRosa, María Laura,
_eeditor.
700 1 _aNovoa Donoso, Soledad,
_eeditor.
791 2 _aDigitalia (Firm),
_edistributor.
793 0 _gDigitalia eBook Collection:
_aMetales Pesados
776 0 8 _iPrint version:
_tCompartir el mundo.
_dSantiago de Chile : Ediciones Metales Pesados, [2017]
_z9789569843396
856 4 0 _3Digitalia Hispánica
_uhttps://www.digitaliapublishing.com/a/68813/
910 _aPremium collection: 2021
942 _cRAA
999 _c262726
_d262726